LEADER 01547nam 2200349 450 001 996575090203316 005 20231213213329.0 010 $a1-5044-9535-7 035 $a(CKB)4100000012903378 035 $a(NjHacI)994100000012903378 035 $a(EXLCZ)994100000012903378 100 $a20231213d2023 uy 0 101 0 $aeng 135 $aur||||||||||| 181 $ctxt$2rdacontent 182 $cc$2rdamedia 183 $acr$2rdacarrier 200 10$a8802-1CB:2019/Amd 2-2023 - IEEE/ISO/IEC International Standard--Information technology--Telecommunications and information exchange between systems--Local and metropolitan area networks--Specific requirements--Part 1CB $eFrame replication and elimination /$fInstitute of Electrical and Electronics Engineers 210 1$aNew York :$cIEEE,$d2023. 215 $a1 online resource (94 pages) 320 $aIncludes bibliographical references. 330 $aThis amendment specifies procedures, managed objects, and protocols for bridges and end systems that provide identification and replication of packets for redundant transmission, identification of duplicate packets, and elimination of duplicate packets. It is not concerned with the creation of the multiple paths over which the duplicates are transmitted. 517 $a8802-1CB 606 $aStream measurements 615 0$aStream measurements. 676 $a551.483 801 0$bNjHacI 801 1$bNjHacl 906 $aBOOK 912 $a996575090203316 996 $a8802-1CB:2019$93880400 997 $aUNISA